LEADER 00934nam a2200229 i 4500 001 000000197184 003 CaOOAMICUS 005 20260330154807.0 008 110215s1993 it u000 u ita u 040 $aSeMil$bita 245 10$aQuasi un corale :$btestimonianze poetiche alla Resistenza /$ca cura di Elena Bono. 250 $a2. ed. 264 1$aRoma :$bCivitas,$c1993. 300 $a165 p. ;$c24 cm. 650 4$aResistenza nella letteratura.$0(OLS)http://semarc/subject/55456 700 1 $aBono, Elena <1921-2014>.$0(OLS)http://semarc/name/71389 850 $aSeMil 852 $aSeMil$W1$xVenegono$y1$m1B VI 69$j269378$B147743$CSeMilBibl$Z2$F166538 $81 961 $aOmaggio: Grampa dott. Cesare 996 $6245$aQuasi un corale :$btestimonianze poetiche alla Resistenza$9(OLS)http://semarc/title/284692 996 $6264$aRoma :$bCivitas$9(OLS)http://semarc/publisher/30560